Lapszemle

Elmentve itt :
Bibliográfiai részletek
Dokumentumtípus: Cikk
Megjelent: Lapkiadó Vállalat Budapest 1975
Sorozat:Élelmiszervizsgálati közlemények 21 No. 1-2
Kulcsszavak:Élelmiszervizsgálat
Tárgyszavak:
Online Access:http://acta.bibl.u-szeged.hu/80586
LEADER 00827nab a2200217 i 4500
001 acta80586
005 20230826110114.0
008 230822s1975 hu o 0|| hun d
040 |a SZTE Egyetemi Kiadványok Repozitórium  |b hun 
041 |a hun 
041 |a eng 
041 |a ger 
245 0 0 |a Lapszemle  |h [elektronikus dokumentum] 
260 |a Lapkiadó Vállalat  |b Budapest  |c 1975 
300 |a 6. p., p. 23-24., p. 39-40., 58. p., 66. p., 72. p., p. 77-78. 
490 0 |a Élelmiszervizsgálati közlemények  |v 21 No. 1-2 
650 4 |a Műszaki és technológiai tudományok 
650 4 |a Egyéb műszaki tudományok és technológiák 
650 4 |a Élelmiszer és italfélék 
695 |a Élelmiszervizsgálat 
856 4 0 |u http://acta.bibl.u-szeged.hu/80586/1/elelmiszervizsgalati_kozlemenyek_1975_01-02_006.pdf  |z Dokumentum-elérés